Barcelona ciudad /

Bibliographic Details
Main Author: Loquillo (Author)
Format: Electronic eBook
Language:Spanish
Published: Barcelona (España) : Ediciones B, [2010]
Subjects:
Online Access:Digitalia Hispánica

MARC

LEADER 00000nam a2200000Ii 4500
001 DIGEDICNSB0077
003 NyNyDIG
008 221014s2010 sp o 001 0 spa d
006 m o d
007 cr |||||||||||
035 |a (OCoLC)1379462775 
040 |a DGITA  |b eng  |e rda  |e pn  |c DGITA 
020 |a 9788466645980  |q eBook 
020 |z 9788466623520  
043 |a e-po---  |a e-sp--- 
050 1 4 |a ML421 ebook 
100 1 |a Loquillo,  |e author. 
245 1 0 |a Barcelona ciudad /  |c José Ma. Sanz, Loquillo.  
264 1 |a Barcelona (España) :  |b Ediciones B,  |c [2010] 
300 |a 1 online resource. 
336 |a text  |b txt  |2 rdacontent 
337 |a computer  |b c  |2 rdamedia 
338 |a online resource  |b cr  |2 rdacarrier 
347 |a text file  |2 rdaft 
347 |b EPUB 
500 |a "Una crónica urbana de rock en tiempos revueltos." 
500 |a Includes index. 
588 0 |a Online resource; title from ePub title page (Digitalia, viewed October 14, 2022) 
600 1 0 |a Loquillo. 
650 0 |a Musicians  |z Spain  |v Biography. 
791 2 |a Digitalia (Firm),  |e distributor. 
793 0 |g Digitalia eBook Collection:  |a Ediciones B 
776 0 8 |i Print version:  |a Loquillo.  |t Barcelona ciudad.  |b Primera edición.  |d Barcelona (España) : Ediciones B, [2010]  |z 9788466623520 
856 4 0 |3 Digitalia Hispánica  |u https://www.digitaliapublishing.com/a/53221/ 
910 |a Premium collection: 2022